Slovo za Slovenčinu od Ctiboha Cochiusa Cirkve Evang A.V. Jasenovskej Kňäza 1845
Apologetický spis na obranu spisovnej slovenčiny
| Hlavný autor: | |
|---|---|
| Médium: | Rukopis Kniha |
| Jazyk: | slovenčina maďarčina |
| Fyzický popis: | 15 nečíslovaných strán, 66 strán rukopis, viazaný 27 cm Vydané aj v tlačenej forme, r. 1958 |
| Vydavateľské údaje: |
[Jasenová]
1845-1846
|
| Predmet: |
MARC
| LEADER | 00000ntmaa2200000 a 4500 | ||
|---|---|---|---|
| 001 | vtls012129501 | ||
| 003 | SK-MaSNL | ||
| 005 | 20260301104740.0 | ||
| 008 | 230802i1845 xo || 000 1 slo | ||
| 035 | |a urn:nbn:sk:snk-tm00ieuk | ||
| 035 | |a 94670146-5B11-413E-9E86-F2717094ADFF | ||
| 040 | |a SNKLA |b slo |c SNKLA |e AACR2 | ||
| 041 | 0 | |a slo |a hun | |
| 044 | |a xo |c SK | ||
| 072 | 7 | |a 811.162.4 |x Slovenčina |2 konspekt | |
| 080 | |a 025.171 |2 2011 | ||
| 080 | |a 811.162.4'271.12 |2 2001 | ||
| 080 | |a 347.965.45 |2 2001 | ||
| 100 | 1 | |a Zoch, Ctiboh, |d 1815-1865 |4 aut |9 81811 | |
| 245 | 1 | 0 | |a Slovo za Slovenčinu od Ctiboha Cochiusa Cirkve Evang A.V. Jasenovskej Kňäza 1845 |c Dankovszky Gergely [cenzor] |
| 260 | |a [Jasenová] |c 1845-1846 | ||
| 300 | |a 15 nečíslovaných strán, 66 strán |b rukopis, viazaný |c 27 cm | ||
| 500 | |a Obsahuje poznámky cenzora z roku 1846 | ||
| 500 | |a Titul na titulnej strane a na chrbte knihy | ||
| 520 | 2 | |a Apologetický spis na obranu spisovnej slovenčiny | |
| 530 | |a Vydané aj v tlačenej forme, r. 1958 | ||
| 546 | |a Napísané štúrovskou slovenčinou, zásahy cenzora maďarsky | ||
| 555 | 0 | |a Inventár rukopisov Literárneho archívu Matice slovenskej XV. Fondy 92 - 105. Martin : Matica slovenská 1987 | |
| 561 | |a Okrúhla pečiatka: Matica slovenská Martin Literárny archív | ||
| 650 | 0 | 7 | |a spisovná slovenčina |2 SNKPH |9 66941 |
| 650 | 0 | 7 | |a obhajoba |2 SNKPH |9 4644 |
| 655 | 7 | |a rukopisy |2 SNKPH |9 70548 | |
| 655 | 7 | |a apológie |2 SNKPH |9 443949 | |
| 700 | 1 | |a Dankovský, Gregor Alojz, |d 1781-1857 |4 cns |9 159141 | |
| 852 | |a Slovenská národná knižnica |b Literárny archív | ||
| 958 | |a OF | ||
| 958 | |a LAVD | ||
| 999 | |c 699028 |d 700958 | ||
| 952 | |a SNKLA |b SNKLA |c SNKLA_DEP |y NEVYP |7 0 |p 17A1230216 |o snk101 K 3 |0 0 |1 0 |4 0 |d 2022-03-31 |f 1 |l 0 |r 2026-02-23 20:52:18 |w 2026-02-23 | ||


